Puppy Dog Pals Theme Song - Statistics

General Stats
  • This quiz has been taken 11 times
  • The average score is 45 of 68
Answer Stats
Answer % Correct
a
100%
a
100%
a
100%
Pup
100%
Pup
100%
Pup
100%
Pup
100%
Pup
100%
Pup
100%
Bob
89%
and
78%
and
78%
and
78%
And
78%
Bingo
78%
Dog
78%
Dog
78%
Dog
78%
Dog
78%
mission
78%
Pals
78%
Pals
78%
Pals
78%
Pals
78%
Puppy
78%
Puppy
78%
Puppy
78%
Puppy
78%
Rolly,
78%
on
67%
The
67%
the
67%
the
67%
bark
56%
chew.
56%
couple
56%
couple
56%
day!
56%
guy
56%
makes
56%
named
56%
of
56%
of
56%
play,
56%
puppies.
56%
puppies
56%
save
56%
there's
56%
They
56%
when
56%
who
56%
world,
56%
away...
44%
Bob's
44%
can
44%
chase
44%
inventions
44%
later
44%
pups!"
44%
pups
44%
‘round
44%
"See
44%
up
44%
use.
44%
will
44%
you
44%
But
33%
gonna
22%
No matching quizzes found
Score Distribution
Percent of People with Each Score
Percentile by Number Answered
Your Score History
You have not taken this quiz